000 00364nam a2200145Ia 4500
005 20260325234755.0
008 260325s9999||||xx |||||||||||||| ||und||
082 _a725.4
100 _aJurguen, Adam
245 2 _aA Design Manual of Industrial Buildings /
_cAdam Jurguen
260 _bBirkhäuser
300 _a246 p.
650 _aARQUITECTURA CIVIL
942 _cBK
999 _c6286
_d6286